000 00633nam a22002177a 4500
003 UA-OsUOA
001 122872
007 ta
008 20170523b un ||||| |||| 00| 0 ukr d
100 _aБогма О. С.
090 _a330(477)
_bБ73
942 _cSA
040 _aUA-OsUOA
_bukr
_cUA-OsUOA
_dUA-OsUOA
245 _aТеоретична сутність поняття бюджетний інтерес
300 _aС.16-20
955 _a0
041 _aukr
080 _a330(477)
773 0 _w122868
_tЕкономіка. Фінанси. Право.
_dК.
_d2017
_g3
650 7 _a330 Економіка взагалі
_2UDC
999 _c409514
_d409514